| 000 | 00647 a2200181 4500 | ||
|---|---|---|---|
| 020 | _a0387241523 | ||
| 040 |
_aDLC _bDLC |
||
| 100 | 1 | _aChuah, Moi Choo, | |
| 245 | 1 | 0 |
_aDesign and performance of 3G wireless networks and wireless LANs _cMooi Choo Chuah, Qinqing Zhang. |
| 260 |
_aNew York : _bSpringer, _c2006. |
||
| 300 |
_a349 p. : _bill ; _c24 cm. |
||
| 650 | 0 | _aUniversal Mobile Telecommunications System. | |
| 650 | 0 | _aCode division multiple access. | |
| 650 | 0 |
_aCellular telephone systems _xDesign and construction. |
|
| 650 | 0 |
_aWireless LANs _xDesign and construction. |
|
| 700 | 1 |
_aZhang, Qinqing, _d1968- |
|
| 942 |
_cBK _k621.38456 CHU _2ddc |
||
| 999 |
_c8620 _d8620 |
||